Frontiers in optics and photonics (Record no. 12473)

000 -LEADER
fixed length control field 00422nam a22001577a 4500
020 ## - INTERNATIONAL STANDARD BOOK NUMBER
International Standard Book Number 9788130919645
082 ## - DEWEY DECIMAL CLASSIFICATION NUMBER
Classification number 535 PAL
100 ## - MAIN ENTRY--PERSONAL NAME
Personal name Pal, Bishnu
245 ## - TITLE STATEMENT
Title Frontiers in optics and photonics
260 ## - PUBLICATION, DISTRIBUTION, ETC.
Place of publication, distribution, etc. New Delhi, India
Name of publisher, distributor, etc. Viva Books
Date of publication, distribution, etc. 2012
300 ## - PHYSICAL DESCRIPTION
Extent 256 p.
Other physical details ill. ;
500 ## - GENERAL NOTE
General note Includes index.
650 ## - SUBJECT ADDED ENTRY--TOPICAL TERM
Topical term or geographic name entry element 1. Optics --Textbooks. 2. Photonics --Textbooks.
700 ## - ADDED ENTRY--PERSONAL NAME
Personal name Pal, Bishnu [at. all]
942 ## - ADDED ENTRY ELEMENTS (KOHA)
Koha item type Book
Holdings
Withdrawn status Lost status Damaged status Not for loan Collection code Permanent Location Current Location Shelving location Date acquired Source of acquisition Cost, normal purchase price Total Checkouts Full call number Barcode Date last seen Price effective from Koha item type
          Central Library (CL) Central Library (CL) General Stacks 12/27/2013 Multi-Line Books 1735.28   535 PAL SEECS012917 01/04/2014 01/04/2014 Book
© 2023 Central Library, National University of Sciences and Technology. All Rights Reserved.